Statistics for Epica albums

Click here to take the quiz!

General Stats

  • This quiz has been taken 31 times
  • The average score is 6 of 7

Answer Stats

YearAlbum% Correct
2014The Quantum Enigma
92%
2005Consign to Oblivion
84%
2009Design Your Universe
84%
2007The Divine Conspiracy
80%
2003The Phantom Agony
80%
2016The Holographic Principle
68%
2012Requiem for the Indifferent
64%

Score Distribution

Percentile by Number Answered

Percent of People with Each Score

Your Score History

You have not taken this quiz